000
00257 a2200109 4500
000
nam a22 7a 4500
005
20260206140901.0
100
_a
Ritchie, Dennis
_9
1114240
245
_a
C Programming Language
260
_b
Pearson
_c
2025
942
_c
TEXL
999
_c
1678813
_d
1678813